=LDR 00000nam 2200000 4500 =001 NUTBA000000000005131 =005 20250411043142 =035 ##$$a 0010-101400000000361 =008 250411################g##########0#ind## =020 ##$$a 978-602- 855-186-1 =040 ##$$a NBPDMAT =090 ##$$a 581.483 095 93 $b Cep s =100 ##$$a Cepy Suherman =245 1#$$a Sungai - sungai besar di Indonesia /$c Cepy Suherman =260 ##$$a Jakarta :$b Buana Cipta Pustaka,$c 2009 =300 ##$$a 55 hlm. : $b ilus. ; $c 25x17 cm. =650 #4$$a Sungai - Indonesia =850 ##$$a NBPDMAT =082 ##$$a 581.483 095 98 =084 ##$$a 581.483 095 98 CEP s =990 ##$$a 21412077 =990 ##$$a 21412078 =990 ##$$a 21412079 =990 ##$$a 21412080 =990 ##$$a 21412081 =990 ##$$a 21412077 =990 ##$$a 21412078 =990 ##$$a 21412079 =990 ##$$a 21412080 =990 ##$$a 21412081 =990 ##$$a 21412078 =990 ##$$a 21412077 =990 ##$$a 21412079 =990 ##$$a 21412080 =990 ##$$a 21412081 =990 ##$$a 21412079 =990 ##$$a 21412077 =990 ##$$a 21412078 =990 ##$$a 21412080 =990 ##$$a 21412081 =990 ##$$a 21412080 =990 ##$$a 21412077 =990 ##$$a 21412078 =990 ##$$a 21412079 =990 ##$$a 21412081 =990 ##$$a 21412081 =990 ##$$a 21412077 =990 ##$$a 21412078 =990 ##$$a 21412079 =990 ##$$a 21412080